MARC

LEADER 00000nam0a2200000 4500
001 116744
005 20231101215342.0
010 |a 5080009993 
020 |a RU  |b 88-5328 
035 |a (RuTPU)RU\TPU\book\126333 
090 |a 116744 
100 |a 20070525d1988 e y0rusy5003 ca 
101 0 |a rus 
102 |a RU 
105 |a a z 000ay 
200 1 |a Только победа и жизнь!  |e публицистика военных лет  |f сост. С. Красильщик; худож. В. Терещенко 
210 |a Москва  |c Детская литература  |d 1988 
215 |a 318 с.  |c ил. 
225 1 |a Школьная библиотека 
464 |a Гамзатов, Расул Гамзатович 
606 1 |a Русская литература современная  |2 stltpush  |3 (RuTPU)RU\TPU\subj\26373  |9 50316 
610 1 |a советская литература 
610 1 |a статьи 
610 1 |a очерки 
610 1 |a публицистика 
610 1 |a военные годы 
610 1 |a Великая Отечественная война 1941-1945 
610 1 |a военная проза 
675 |a Р2  |v 3 
702 1 |a Красильщик  |b С.  |4 220 
702 1 |a Терещенко  |b В.  |4 440 
801 0 |a RU  |b RuMRKP  |c 19950417  |g psbo 
801 1 |a RU  |b 63413507  |c 20070525  |g PSBO 
801 2 |a RU  |b 63413507  |c 20220222  |g PSBO 
942 |c BK